000 02811cam a22006977a 4500
003 CHAP
005 20220329142117.0
008 990702d1998 mx ab r 00110 spa d
010 _a78564
011 _a79536
035 _a89799
040 _cCHAP
082 0 4 _a633
_bI52 1998 v.1
110 2 _aInstituto de Investigación y Capacitación Agropecuaria, Acuícola y Forestal del Estado de México
_959157
245 1 0 _aPaquetes tecnológicos :
_bdelegación regional I Toluca
_c/por Instituto de Investigación y Capacitación Agropecuaria, Acuicola y Forestal del Estado de México
250 _aed. rev.
260 _a(Toluca, Méx.) :
_bInstituto de Investigación y Capacitación Agropecuaria, Acuícola y Forestal del Estado de México,
_c1998.
300 _a42 h. :
_bilus. ; mapa
590 _aBATCH-UPD
_b10
_c20130110
_lUCH01
_h0002
590 _aBATCH-UPD
_b10
_c20130110
_lUCH01
_h0353
590 _aBATCH-UPD
_b10
_c20130110
_lUCH01
_h1934
590 _aBATCH-UPD
_b10
_c20130409
_lUCH01
_h1937
590 _aBATCH-UPD
_b10
_c20130410
_lUCH01
_h0320
590 _aBATCH-UPD
_b10
_c20130914
_lUCH01
_h0434
590 _aBATCH-UPD
_b10
_c20130914
_lUCH01
_h2048
590 _aCONVERSION
_b10
_c20130109
_lUCH01
_h1344
650 1 4 _aAvena como forraje.
_98556
650 1 4 _aAvena
_zMéxico (Edo.).
_98554
650 1 4 _aBrócoli
_zMéxico (Edo.).
_915553
650 1 4 _aCebada
_zMéxico (Edo.).
_920720
650 1 4 _aChícharo
_zMéxico (Edo.).
_922842
650 1 4 _aChile (Botánica)
_zMéxico (Edo.).
_922400
650 1 4 _aCol
_zMéxico (Edo.).
_924502
650 1 4 _aColiflor
_zMéxico (Edo.).
_925155
650 1 4 _aCultivos asociados.
_930370
650 1 4 _aCultivos
_xEnfermedades.
_930262
650 1 4 _aCultivos
_xPlagas.
_930305
650 1 4 _aCultivos
_zMéxico (Edo.).
_930364
650 1 4 _aFrijol
_zMéxico (Edo.).
_943456
650 1 4 _aHaba
_zMéxico (Edo.).
_952130
650 1 4 _aHierbabuena
_zMéxico (Edo.).
_955293
650 1 4 _aHuauzontle
_zMéxico (Edo.).
_956598
650 1 4 _aLechuga
_zMéxico (Edo.).
_965480
650 1 4 _aMaíz como forraje.
_971109
650 1 4 _aMaíz
_zMéxico (Edo.).
_971099
650 1 4 _aPapa
_zMéxico (Edo.).
_985306
650 1 4 _aPastos forrajeros
_zMéxico (Edo.).
_986125
650 1 4 _aPastos
_zMéxico (Edo.).
_986093
650 1 4 _aPesticidas.
_987536
650 1 4 _aQuinoa
_zMéxico (Edo.).
_993350
650 1 4 _aRemolacha forrajera.
_995879
650 1 4 _aTomate
_zMéxico (Edo.).
_9113786
650 1 4 _aTrigo
_zMéxico (Edo.).
_9115131
650 1 4 _aTriticale
_zMéxico (Edo.).
_9115232
650 1 4 _aZanahoria
_zMéxico (Edo.).
_9123606
901 _aBK
905 _aGuadalupe Pinto C.
942 _cLIBRO
949 _a633 I52 1998 v.1
_bBC
_cC
_d33724000735346
_eC
_fc.2
_h95947
_i89799
_sb
949 _a633 I52 1998 v.1
_bBC
_cC
_d33724000890042
_eC
_h95946
_i89799
_sb
999 _c78564
_d78564